[Event "Ogolnopolski Turniej Niepelnosprawnych"]
[Site "Rowy"]
[Date "2011.??.??"]
[Round "5.11"]
[White "Winiarski, Kazimierz"]
[Black "Salamon, Jan"]
[Result "1-0"]
[WhiteElo "1967"]
[BlackElo "1823"]
[PlyCount "176"]
[EventDate "2011.??.??"]

1. e4 d5 2. exd5 Qxd5 3. Nc3 Qa5 4. d4 c6 5. Nf3 Nf6 6. h3 Bf5 7. Bd2 Qd8 8.
Bc4 e6 9. Qe2 Be7 10. Bd3 Bxd3 11. Qxd3 O-O 12. O-O a6 13. Bf4 c5 14. Rad1 Nc6
15. dxc5 Qxd3 16. Rxd3 Bxc5 17. a3 h6 18. Be5 Rfd8 19. Rfd1 Rxd3 20. Rxd3 Rd8
21. Rxd8+ Nxd8 22. Bxf6 gxf6 23. Ne4 Be7 24. Nd4 f5 25. Nd2 f4 26. c3 Bc5 27.
N2b3 Bb6 28. Kf1 Kg7 29. Ke2 Kg6 30. Nf3 f6 31. Nbd2 e5 32. c4 Kf5 33. Ne1 e4
34. f3 e3 35. Ne4 Bd4 36. Nd3 Be5 37. b4 Ke6 38. Nec5+ Kd6 39. a4 b5 40. cxb5
axb5 41. axb5 Kd5 42. b6 Nc6 43. Nxe5 fxe5 44. b7 Nb8 45. h4 Kc4 46. Nd3 Kd4
47. h5 Kd5 48. Nc5 Kc6 49. Kd3 Kb5 50. Ne4 Kxb4 51. Nf6 Kc5 52. Ng4 Kc6 53.
Nxh6 Kxb7 54. Ng4 Nd7 55. h6 Nf8 56. Nxe5 Kc7 57. Ke4 Kd6 58. Nd3 Ng6 59. h7 e2
60. h8=Q Nxh8 61. Kxf4 Ng6+ 62. Ke3 Nh4 63. Ne1 Ke5 64. Kxe2 Kf4 65. Kf2 Nf5
66. Nd3+ Kg5 67. g3 Kf6 68. g4 Ne7 69. Kg3 Nd5 70. f4 Nc3 71. Kf3 Ke6 72. Nf2
Nd5 73. Ne4 Ne7 74. Ng5+ Kf6 75. Ke4 Ng6 76. Nf3 Ne7 77. g5+ Kg6 78. Nh4+ Kh5
79. Nf5 Ng6 80. Ne3 Nh4 81. Nd5 Kg6 82. Ne7+ Kf7 83. Nf5 Ng2 84. Ne3 Nh4 85. f5
Ke7 86. Kf4 Kf7 87. Kg4 Ng6 88. fxg6+ Kxg6 1-0

[Event "Ogolnopolski Turniej Niepelnosprawnych"]
[Site "Rowy"]
[Date "2011.??.??"]
[Round "5.12"]
[White "Tuszynski, Edmund"]
[Black "Krawcewicz, Lucyna"]
[Result "1/2-1/2"]
[WhiteElo "1947"]
[BlackElo "1963"]
[PlyCount "86"]
[EventDate "2011.??.??"]

1. e4 c5 2. Nf3 e6 3. Bc4 a6 4. a3 b5 5. Ba2 Bb7 6. d3 Be7 7. Nc3 Nc6 8. O-O
Rc8 9. Ne2 Qc7 10. Ng3 Nf6 11. Qe2 Nd4 12. Qd1 Bd6 13. Re1 Nxf3+ 14. Qxf3 O-O
15. Bg5 Be5 16. c3 h6 17. Be3 d5 18. exd5 Nxd5 19. Bxd5 Bxd5 20. Qh5 Bxg3 21.
fxg3 f5 22. Re2 Qf7 23. Qxf7+ Rxf7 24. d4 cxd4 25. Bxd4 g5 26. Rf2 Kh7 27. Re1
Kg6 28. h3 h5 29. Be5 g4 30. Rd2 Rc6 31. Red1 Rc4 32. Rd4 Rc6 33. a4 Rb7 34.
Rb4 Rc4 35. Rd4 Rxb4 36. Rxb4 Bc4 37. axb5 axb5 38. b3 Bd5 39. c4 bxc4 40. Rxb7
Bxb7 41. bxc4 Kf7 42. Kf2 Ke7 43. Ke3 Bxg2 1/2-1/2

[Event "Ogolnopolski Turniej Niepelnosprawnych"]
[Site "Rowy"]
[Date "2011.??.??"]
[Round "5.13"]
[White "Jonczyk, Jan"]
[Black "Staruch, Roman"]
[Result "0-1"]
[WhiteElo "1696"]
[BlackElo "1957"]
[PlyCount "28"]
[EventDate "2011.??.??"]

1. d4 Nf6 2. c4 e6 3. d5 Bc5 4. e3 O-O 5. Nc3 c6 6. a3 a5 7. Bd3 d6 8. Nge2
cxd5 9. cxd5 e5 10. O-O Bg4 11. Qc2 Nh5 12. Ng3 Nd7 13. e4 Qe7 14. h3 Nxg3 0-1

[Event "Ogolnopolski Turniej Niepelnosprawnych"]
[Site "Rowy"]
[Date "2011.??.??"]
[Round "5.14"]
[White "Szczepaniec, Stanislaw"]
[Black "Opolski, Wojciech"]
[Result "1-0"]
[WhiteElo "2075"]
[BlackElo "1713"]
[PlyCount "63"]
[EventDate "2011.??.??"]

1. c4 c6 2. Nf3 d5 3. g3 Bg4 4. Bg2 Qc7 5. Qc2 dxc4 6. Qxc4 Nf6 7. d4 Nbd7 8.
O-O e6 9. Nc3 Bd6 10. e4 e5 11. Nxe5 Nxe5 12. dxe5 Bxe5 13. f4 b5 14. Qc5 Nd7
15. Qf2 Bd6 16. Be3 b4 17. Na4 O-O 18. e5 Be7 19. Rac1 Qa5 20. Bxc6 Rac8 21. b3
Rc7 22. Bg2 Rfc8 23. Rxc7 Rxc7 24. h3 Bf5 25. Rd1 Rc2 26. Qxc2 Bxc2 27. Rxd7
Kf8 28. Rxa7 Qb5 29. Ra8+ Bd8 30. Rxd8+ Ke7 31. Rd2 Bf5 32. g4 1-0

[Event "Ogolnopolski Turniej Niepelnosprawnych"]
[Site "Rowy"]
[Date "2011.??.??"]
[Round "5.15"]
[White "Prokopczuk, Antoni"]
[Black "Wodas, Pawel"]
[Result "0-1"]
[WhiteElo "1753"]
[BlackElo "1955"]
[PlyCount "108"]
[EventDate "2011.??.??"]

1. d4 Nf6 2. c4 c5 3. Nf3 g6 4. Nc3 Bg7 5. d5 e6 6. e4 exd5 7. cxd5 d6 8. Be2
O-O 9. O-O a6 10. a4 Re8 11. Qc2 Nbd7 12. Bg5 Rb8 13. Rfe1 Qc7 14. Bc4 h6 15.
Bd2 Ng4 16. Qc1 Kh7 17. h3 Nge5 18. Bf1 Nxf3+ 19. gxf3 Ne5 20. Qd1 c4 21. Bf4
b5 22. axb5 axb5 23. Rc1 Qe7 24. Bg3 g5 25. f4 gxf4 26. Bxf4 Qf6 27. Bxe5 Qxe5
28. Qf3 Qf6 29. Re3 Qxf3 30. Rxf3 Kg8 31. Rg3 b4 32. Nd1 Rxe4 33. Bxc4 Bf5 34.
Ne3 Bg6 35. b3 Rf4 36. Rg4 Rf6 37. Re1 h5 38. Rg3 Kf8 39. Ng2 Bh6 40. Nh4 Bh7
41. Rf3 Bf4 42. Kf1 Ra8 43. Ng2 Be5 44. Rxf6 Bxf6 45. Nf4 h4 46. Kg2 Ra3 47.
Re2 Be5 48. Kf3 Bf5 49. Ng2 Bf6 50. Nf4 Bd7 51. Ke4 Ra1 52. Re3 Rh1 53. Be2 Rh2
54. Rf3 Ke7 0-1

[Event "Ogolnopolski Turniej Niepelnosprawnych"]
[Site "Rowy"]
[Date "2011.??.??"]
[Round "5.16"]
[White "Zinczuk, Leon"]
[Black "Janocha, Jan"]
[Result "1-0"]
[WhiteElo "1890"]
[BlackElo "1781"]
[PlyCount "57"]
[EventDate "2011.??.??"]

1. e4 c5 2. Nf3 Nc6 3. d4 cxd4 4. Nxd4 Nf6 5. Nc3 e5 6. Ndb5 d6 7. Bg5 a6 8.
Na3 b5 9. Bxf6 gxf6 10. Nd5 Bg7 11. c3 Be6 12. Nc2 f5 13. exf5 Bxf5 14. Nce3
Be6 15. Bd3 O-O 16. Qh5 h6 17. O-O Ne7 18. Nxe7+ Qxe7 19. a4 Rab8 20. axb5 axb5
21. f4 d5 22. fxe5 Qc5 23. Rae1 d4 24. Nf5 dxc3+ 25. Kh1 Bc4 26. Bxc4 Qxc4 27.
Nxh6+ Bxh6 28. Qxh6 Qd4 29. Rf3 1-0

[Event "Ogolnopolski Turniej Niepelnosprawnych"]
[Site "Rowy"]
[Date "2011.??.??"]
[Round "5.17"]
[White "Solek, Zenon"]
[Black "Ben, Jaroslaw"]
[Result "1/2-1/2"]
[WhiteElo "1883"]
[BlackElo "1719"]
[PlyCount "80"]
[EventDate "2011.??.??"]

1. e4 d5 2. exd5 Qxd5 3. Nc3 Qa5 4. d4 c6 5. Bc4 Nf6 6. Nf3 Bg4 7. h3 Bh5 8.
O-O e6 9. g4 Bg6 10. Re1 Bb4 11. Bd2 O-O 12. a3 Bxc3 13. Bxc3 Qc7 14. Ne5 Nbd7
15. Nxg6 hxg6 16. Qf3 Nb6 17. Bb3 a5 18. Bd2 Qd7 19. Rad1 a4 20. Ba2 Qxd4 21.
Bc3 Qc5 22. Bd4 Qb5 23. Bxf6 gxf6 24. Qxf6 Nd5 25. Qe5 Qb6 26. c4 Nc7 27. Rd7
Na6 28. Bb1 Rad8 29. Rxd8 Qxd8 30. Bc2 b5 31. cxb5 cxb5 32. Qxb5 Qd2 33. Qe2
Qxe2 34. Rxe2 Nc5 35. Be4 Rb8 36. Bb1 Kg7 37. Kg2 Kh6 38. f3 f5 39. Ba2 f4 40.
Rd2 g5 1/2-1/2

[Event "Ogolnopolski Turniej Niepelnosprawnych"]
[Site "Rowy"]
[Date "2011.??.??"]
[Round "5.18"]
[White "Niecko, Stanislaw"]
[Black "Krawiec, Stanislaw"]
[Result "1-0"]
[WhiteElo "1856"]
[BlackElo "1662"]
[PlyCount "71"]
[EventDate "2011.??.??"]

1. c4 c5 2. Nf3 Nc6 3. d4 cxd4 4. Nxd4 e5 5. Nb5 d6 6. N1c3 a6 7. Na3 Be6 8. g3
Nf6 9. Bg2 Be7 10. O-O O-O 11. b3 Qd7 12. Nc2 Bh3 13. Ne3 Bxg2 14. Kxg2 Rad8
15. Ba3 Nd4 16. Ned5 Qc6 17. e3 Nf5 18. e4 Nxe4 19. Nxe4 Rd7 20. Bb2 Kh8 21.
Qf3 Nh6 22. Nxe7 Rxe7 23. Nf6 Qxf3+ 24. Kxf3 gxf6 25. Rad1 Re6 26. g4 Kg7 27.
Rd5 Kg6 28. h4 f5 29. g5 Ng4 30. Rfd1 Kh5 31. Rh1 h6 32. Bc1 f6 33. Kg2 f4 34.
f3 Ne3+ 35. Bxe3 fxe3 36. gxf6 1-0

[Event "Ogolnopolski Turniej Niepelnosprawnych"]
[Site "Rowy"]
[Date "2011.??.??"]
[Round "5.19"]
[White "Jasinska-Kuzia, Lidia"]
[Black "Czymbor, Ryszard"]
[Result "0-1"]
[WhiteElo "1727"]
[BlackElo "1836"]
[PlyCount "45"]
[EventDate "2011.??.??"]

1. e4 c5 2. Nf3 d6 3. d4 cxd4 4. Nxd4 a6 5. Nc3 e6 6. a3 Be7 7. Bc4 b5 8. Ba2
Bb7 9. O-O Nd7 10. b4 Ngf6 11. Qd3 O-O 12. Nf3 Rc8 13. Bd2 Ng4 14. Rfe1 Nge5
15. Nxe5 Nxe5 16. Qg3 Kh8 17. Rac1 Nc4 18. Bxc4 Rxc4 19. Qd3 Qc7 20. Kh1 Bf6
21. Nd1 Rc8 22. Ne3 Bxe4 23. Qb3 0-1

[Event "Ogolnopolski Turniej Niepelnosprawnych"]
[Site "Rowy"]
[Date "2011.??.??"]
[Round "5.20"]
[White "Jackowski, Ryszard"]
[Black "Zatylny, Jan"]
[Result "0-1"]
[WhiteElo "1820"]
[BlackElo "1696"]
[PlyCount "114"]
[EventDate "2011.??.??"]

1. e4 e6 2. d4 d5 3. Nd2 c6 4. Ngf3 Nd7 5. Bd3 Ne7 6. O-O g6 7. Re1 Bg7 8. c3
O-O 9. Nf1 a5 10. Bg5 f6 11. Bd2 b5 12. exd5 exd5 13. Qc1 Nb6 14. Bh6 Nf5 15.
Bxg7 Kxg7 16. Ng3 Nxg3 17. hxg3 Re8 18. Qd2 Rxe1+ 19. Rxe1 Bg4 20. Nh2 Bd7 21.
b3 a4 22. b4 Qf8 23. a3 Re8 24. f3 Rxe1+ 25. Qxe1 Qe8 26. Qxe8 Bxe8 27. g4 Bd7
28. Kf2 f5 29. g5 f4 30. g3 fxg3+ 31. Kxg3 Bf5 32. Bf1 Kf7 33. Kf4 Ke6 34. Be2
Bh3 35. Bd3 Nc8 36. Kg3 Bf5 37. Be2 Nd6 38. Nf1 Bc2 39. Kf4 Bb3 40. Ne3 Bc4 41.
Bd1 Bd3 42. Kg4 Bf5+ 43. Kf4 Bd3 44. Kg4 Bf5+ 45. Kg3 Bd3 46. Kf4 Nf7 47. Ng4
Bf5 48. Ne5 Nxe5 49. dxe5 Bd3 50. Ke3 Bb1 51. f4 Bf5 52. Be2 Kd7 53. Kd4 Kc7
54. Kc5 Bd7 55. Bd3 Be6 56. Bf1 Bf5 57. Be2 Be6 0-1

[Event "Ogolnopolski Turniej Niepelnosprawnych"]
[Site "Rowy"]
[Date "2011.??.??"]
[Round "5.21"]
[White "Wroblewski, Mieczyslaw"]
[Black "Sarnowski, Ryszard"]
[Result "1-0"]
[WhiteElo "1791"]
[BlackElo "1583"]
[PlyCount "55"]
[EventDate "2011.??.??"]

1. e4 c6 2. d4 d5 3. Nc3 e6 4. Bd3 g6 5. Nge2 Be7 6. O-O h5 7. Be3 Nf6 8. Qd2
Ng4 9. Bf4 Nd7 10. f3 Ngf6 11. exd5 cxd5 12. Nb5 O-O 13. Nc7 Rb8 14. Nxe6 fxe6
15. Bxb8 Nxb8 16. Bxg6 Kg7 17. Nf4 h4 18. Rae1 Qd6 19. Bd3 Nc6 20. c3 e5 21.
Ng6 Rf7 22. dxe5 Qc5+ 23. Kh1 Nh5 24. b4 Qb6 25. b5 Na5 26. Nxe7 Nf4 27. Nxc8
Qh6 28. Nd6 1-0

[Event "Ogolnopolski Turniej Niepelnosprawnych"]
[Site "Rowy"]
[Date "2011.??.??"]
[Round "5.24"]
[White "Radwan, Jan"]
[Black "Wojtowicz, Mieczyslaw"]
[Result "1-0"]
[WhiteElo "1693"]
[BlackElo "1737"]
[PlyCount "30"]
[EventDate "2011.??.??"]

1. b4 e5 2. Bb2 d6 3. c4 c6 4. e3 Be7 5. Be2 Nf6 6. Nf3 O-O 7. O-O Nbd7 8. Nc3
Qc7 9. d3 Re8 10. h3 Nf8 11. Qc2 a5 12. b5 b6 13. Rac1 c5 14. Nh2 Bb7 15. f4
Nh5 1-0

[Event "Ogolnopolski Turniej Niepelnosprawnych"]
[Site "Rowy"]
[Date "2011.??.??"]
[Round "5.25"]
[White "Grabarczyk, Edmund"]
[Black "Niezgoda, Boleslaw"]
[Result "1-0"]
[WhiteElo "1539"]
[BlackElo "1735"]
[PlyCount "93"]
[EventDate "2011.??.??"]

1. d4 d5 2. c4 c6 3. Nc3 g6 4. e4 dxe4 5. Nxe4 Bg7 6. Nf3 Bg4 7. Be3 Nf6 8.
Nxf6+ Bxf6 9. Qb3 b6 10. Be2 Bxf3 11. Bxf3 O-O 12. Rd1 Qc7 13. d5 Nd7 14. dxc6
Ne5 15. Bh6 Rfe8 16. Bf4 Nd3+ 17. Rxd3 Qxf4 18. O-O Rac8 19. Rd7 Rc7 20. Rfd1
Rec8 21. Rd8+ Rxd8 22. Rxd8+ Kg7 23. Rd1 Qe5 24. Qa3 Qxb2 25. Qxb2 Bxb2 26. Rd7
Be5 27. a4 Bd6 28. g4 Kf6 29. h4 h6 30. Kg2 Ke5 31. a5 Kd4 32. axb6 axb6 33.
Bd5 e6 34. Rxd6 exd5 35. cxd5 b5 36. Rd7 Rc8 37. c7 Kc5 38. d6 Kc6 39. Rd8 Kb7
40. Kf1 f6 41. f4 g5 42. hxg5 hxg5 43. fxg5 fxg5 44. Ke2 b4 45. Kd2 Rxc7 46.
dxc7 Kxc7 47. Rg8 1-0

[Event "Ogolnopolski Turniej Niepelnosprawnych"]
[Site "Rowy"]
[Date "2011.??.??"]
[Round "5.27"]
[White "Olszewski, Jerzy"]
[Black "Jagiello, Adolf"]
[Result "1-0"]
[WhiteElo "1885"]
[BlackElo "1443"]
[PlyCount "20"]
[EventDate "2011.??.??"]

1. e4 e5 2. Nf3 Nc6 3. Bc4 d6 4. c3 Bd7 5. a4 Be7 6. d3 a5 7. Qb3 Kf8 8. Bxf7
b6 9. Be6 Nb8 10. Bxd7 Nxd7 1-0

[Event "Ogolnopolski Turniej Niepelnosprawnych"]
[Site "Rowy"]
[Date "2011.??.??"]
[Round "5.28"]
[White "Kocik, Genowefa"]
[Black "Strojek, Kazimierz"]
[Result "0-1"]
[WhiteElo "1513"]
[BlackElo "1775"]
[PlyCount "54"]
[EventDate "2011.??.??"]

1. e4 e6 2. d4 d5 3. e5 Ne7 4. Nf3 Nd7 5. Nc3 a6 6. Be2 c5 7. Bf4 Nc6 8. dxc5
Bxc5 9. O-O b5 10. a3 Bb7 11. Rb1 Rc8 12. Bg3 O-O 13. b4 Be7 14. h3 Nxb4 15.
axb4 Rxc3 16. Rb3 Rxb3 17. cxb3 Bxb4 18. Bh4 Be7 19. Bxe7 Qxe7 20. Qd3 Rc8 21.
Qb1 Rc3 22. Rc1 Qc5 23. Rxc3 Qxc3 24. Bf1 d4 25. Qd3 Bxf3 26. Qxf3 Qxf3 27.
gxf3 Nxe5 0-1

[Event "Ogolnopolski Turniej Niepelnosprawnych"]
[Site "Rowy"]
[Date "2011.??.??"]
[Round "5.30"]
[White "Przybylak, Gabriela"]
[Black "Budnik, Kazimierz"]
[Result "1-0"]
[WhiteElo "1419"]
[BlackElo "1567"]
[PlyCount "81"]
[EventDate "2011.??.??"]

1. e4 c5 2. Nc3 e6 3. Nf3 d6 4. b3 Nf6 5. Bb2 a6 6. g3 Be7 7. Be2 Nc6 8. O-O b5
9. d3 b4 10. Na4 e5 11. c3 Bh3 12. Re1 Nd7 13. Nd2 O-O 14. Nf1 f5 15. Bf3 f4
16. Rb1 Rf6 17. d4 bxc3 18. Nxc3 Nxd4 19. Nd2 Rg6 20. Nd5 Bh4 21. Bxd4 cxd4 22.
Kh1 fxg3 23. Rg1 gxf2 24. Rxg6 hxg6 25. Bg2 Bxg2+ 26. Kxg2 Qg5+ 27. Kf1 Qg1+
28. Ke2 Qg4+ 29. Kd3 Nc5+ 30. Kc2 Qh3 31. Kb2 Nd3+ 32. Ka3 Ne1 33. Qe2 Qxh2 34.
Rd1 d3 35. Qg4 Nc2+ 36. Ka4 Nd4 37. Qxg6 Rd8 38. Qg4 Rf8 39. Nf1 Qg1 40. Qxh4
Qg6 41. Ne7+ 1-0

[Event "Ogolnopolski Turniej Niepelnosprawnych"]
[Site "Rowy"]
[Date "2011.??.??"]
[Round "5.31"]
[White "Ostrowski, Michal"]
[Black "Grobelna, Ewa"]
[Result "1/2-1/2"]
[WhiteElo "1421"]
[BlackElo "1586"]
[PlyCount "41"]
[EventDate "2011.??.??"]

1. Nf3 d5 2. b4 e6 3. Bb2 Nf6 4. a3 Bd6 5. e3 O-O 6. Bd3 h6 7. Nc3 Nbd7 8. O-O
Qe7 9. h3 c6 10. Re1 e5 11. e4 Re8 12. Rc1 b5 13. Bf1 Bb7 14. d3 d4 15. Ne2 a5
16. c3 axb4 17. cxd4 bxa3 18. Ba1 b4 19. dxe5 Nxe5 20. Nxe5 Bxe5 21. d4 1/2-1/2

[Event "Ogolnopolski Turniej Niepelnosprawnych"]
[Site "Rowy"]
[Date "2011.??.??"]
[Round "6.1"]
[White "Kiedrowicz, Jan"]
[Black "Kaukiel, Piotr"]
[Result "0-1"]
[WhiteElo "2301"]
[BlackElo "2194"]
[PlyCount "70"]
[EventDate "2011.??.??"]

1. c4 Nf6 2. Nc3 d5 3. d4 g6 4. Nf3 Bg7 5. e3 O-O 6. b4 c6 7. Bb2 Bf5 8. Qb3
Ne4 9. cxd5 cxd5 10. Qxd5 Nd6 11. Qb3 a5 12. b5 Be6 13. d5 a4 14. Qa3 Bg4 15.
Nd2 Qa5 16. f3 Rc8 17. Rc1 Bd7 18. Bd3 Nxb5 19. Bxb5 Bxb5 20. Kf2 Na6 21. Nce4
Bxb2 22. Qxb2 Nb4 23. Kg3 Nd3 24. Rxc8+ Rxc8 25. Qd4 f5 26. d6 fxe4 27. Nxe4
Ba6 28. dxe7 Qc7+ 29. Nd6 Re8 30. Qd5+ Kh8 31. Rc1 Qxe7 32. Nxe8 Nxc1 33. Qd4+
Kg8 34. Nf6+ Kf7 35. Qd5+ Kxf6 0-1

[Event "Ogolnopolski Turniej Niepelnosprawnych"]
[Site "Rowy"]
[Date "2011.??.??"]
[Round "6.2"]
[White "Wojcieszyn, Jacenty"]
[Black "Cylwik, Zbigniew"]
[Result "1-0"]
[WhiteElo "2252"]
[BlackElo "1986"]
[PlyCount "65"]
[EventDate "2011.??.??"]

1. d4 d5 2. c4 e6 3. Nf3 c6 4. Qc2 Nf6 5. g3 Ne4 6. Bg2 Bb4+ 7. Nbd2 O-O 8. O-O
Bxd2 9. Bxd2 Nxd2 10. Nxd2 Nd7 11. e4 dxc4 12. Nxc4 Nb6 13. Rfd1 Nxc4 14. Qxc4
Qb6 15. Rd2 a5 16. b3 g6 17. Rc1 Qd8 18. Qc3 Qe7 19. h4 Rd8 20. e5 Bd7 21. Be4
Be8 22. Kg2 h5 23. Bf3 Kg7 24. a4 Rd7 25. Qe3 Rad8 26. Rdd1 f5 27. Rc5 Ra8 28.
Qc3 Qd8 29. d5 cxd5 30. Rc1 Bf7 31. Qd4 b6 32. Rc6 Rb8 33. Be2 1-0

[Event "Ogolnopolski Turniej Niepelnosprawnych"]
[Site "Rowy"]
[Date "2011.??.??"]
[Round "6.3"]
[White "Ulrych, Wojciech"]
[Black "Pioch, Zygmunt"]
[Result "1/2-1/2"]
[WhiteElo "1968"]
[BlackElo "2123"]
[PlyCount "68"]
[EventDate "2011.??.??"]

1. e4 e5 2. Nf3 Nc6 3. Bc4 Bc5 4. c3 Nf6 5. d4 exd4 6. cxd4 Bb4+ 7. Nc3 Nxe4 8.
O-O Bxc3 9. d5 Bf6 10. Re1 Ne7 11. Rxe4 d6 12. Bg5 Bxg5 13. Nxg5 O-O 14. Nxh7
Bf5 15. Rh4 Re8 16. Qh5 Ng6 17. Ng5 Qf6 18. Qh7+ Kf8 19. Rh5 Ne5 20. Bb5 c6 21.
Ba4 b5 22. Bb3 Bg6 23. dxc6 Nd3 24. Rf1 Qxb2 25. Ne6+ Ke7 26. Qxg7 Qxg7 27.
Nxg7 Rg8 28. Rxb5 Rxg7 29. Rb7+ Kf6 30. Rd7 Ke5 31. f4+ Nxf4 32. Re7+ Kf6 33.
Rd7 Ke5 34. Re7+ Kf6 1/2-1/2

[Event "Ogolnopolski Turniej Niepelnosprawnych"]
[Site "Rowy"]
[Date "2011.??.??"]
[Round "6.4"]
[White "Matuszczyk, Krystian"]
[Black "Rogalski, Krzysztof"]
[Result "1-0"]
[WhiteElo "2046"]
[BlackElo "1846"]
[PlyCount "49"]
[EventDate "2011.??.??"]

1. e4 c5 2. Nf3 e6 3. d4 cxd4 4. Nxd4 a6 5. c4 Nf6 6. Bd3 Nc6 7. Nxc6 bxc6 8.
O-O e5 9. Nc3 Be7 10. Be3 Rb8 11. Qc2 d6 12. h3 O-O 13. Qe2 Qc7 14. Rac1 a5 15.
b3 Bd7 16. f4 Qb7 17. fxe5 dxe5 18. Na4 Qb4 19. Kh1 c5 20. Nc3 a4 21. Rxf6 Bxf6
22. Nd5 Qa5 23. Nxf6+ gxf6 24. Qf2 axb3 25. Bh6 1-0

[Event "Ogolnopolski Turniej Niepelnosprawnych"]
[Site "Rowy"]
[Date "2011.??.??"]
[Round "6.5"]
[White "Czech, Mieczyslaw"]
[Black "Dulinski, Stanislaw"]
[Result "1-0"]
[WhiteElo "1967"]
[BlackElo "1831"]
[PlyCount "43"]
[EventDate "2011.??.??"]

1. e4 e5 2. Nf3 Nc6 3. Bb5 d6 4. O-O Bg4 5. c3 a6 6. Ba4 b5 7. Bb3 Nge7 8. d3
h6 9. h3 Bh5 10. Be3 Na5 11. Bc2 Nec6 12. Nbd2 Be7 13. Re1 O-O 14. Nf1 Qd7 15.
Ng3 Bg6 16. Qe2 Rae8 17. a4 b4 18. d4 b3 19. Bd3 Nb8 20. dxe5 dxe5 21. Nxe5 Qc8
22. Bf4 1-0

[Event "Ogolnopolski Turniej Niepelnosprawnych"]
[Site "Rowy"]
[Date "2011.??.??"]
[Round "6.6"]
[White "Staruch, Roman"]
[Black "Winiarski, Kazimierz"]
[Result "1/2-1/2"]
[WhiteElo "1957"]
[BlackElo "1967"]
[PlyCount "34"]
[EventDate "2011.??.??"]

1. e4 c5 2. Nf3 d6 3. c3 Nf6 4. Be2 e6 5. O-O Be7 6. Re1 O-O 7. Bf1 b6 8. d4
Bb7 9. Nbd2 Nbd7 10. b3 Re8 11. Bb2 Nf8 12. Rc1 a6 13. Bd3 Ng6 14. Nf1 d5 15.
e5 Ne4 16. Ng3 Nxg3 17. hxg3 Rb8 1/2-1/2

[Event "Ogolnopolski Turniej Niepelnosprawnych"]
[Site "Rowy"]
[Date "2011.??.??"]
[Round "6.7"]
[White "Krawcewicz, Lucyna"]
[Black "Pipala, Janusz"]
[Result "1-0"]
[WhiteElo "1963"]
[BlackElo "1935"]
[PlyCount "74"]
[EventDate "2011.??.??"]

1. d4 Nf6 2. Nf3 b6 3. c4 e6 4. Nc3 Bb7 5. a3 Be7 6. Qc2 d5 7. cxd5 exd5 8. Bf4
c6 9. e3 Nh5 10. Be5 Nd7 11. Bd3 Nhf6 12. O-O Nxe5 13. dxe5 Nd7 14. Bxh7 Qb8
15. e6 fxe6 16. Qg6+ Kd8 17. Qxg7 Bf6 18. Qf7 Qd6 19. h3 Kc7 20. Nd4 Bxd4 21.
exd4 Raf8 22. Qg7 Ba6 23. Rfe1 Qf4 24. Rxe6 Qxf2+ 25. Kh2 Qh4 26. Re7 Bc8 27.
Rae1 Kb8 28. Qg3+ Qxg3+ 29. Kxg3 Nf6 30. Bd3 Nh5+ 31. Kh2 Rf2 32. R1e2 Rf4 33.
Re8 Rxe8 34. Rxe8 Nf6 35. Rh8 Kc7 36. g4 Nxg4+ 37. hxg4 Bxg4 1-0

[Event "Ogolnopolski Turniej Niepelnosprawnych"]
[Site "Rowy"]
[Date "2011.??.??"]
[Round "6.8"]
[White "Zinczuk, Leon"]
[Black "Szczepaniec, Stanislaw"]
[Result "0-1"]
[WhiteElo "1890"]
[BlackElo "2075"]
[PlyCount "92"]
[EventDate "2011.??.??"]

1. e4 c5 2. Nf3 d6 3. d4 cxd4 4. Nxd4 Nf6 5. Nc3 g6 6. Be3 Bg7 7. f3 O-O 8. Bc4
Nc6 9. Qd2 Bd7 10. O-O-O Rc8 11. Bb3 Ne5 12. h4 Nc4 13. Bxc4 Rxc4 14. h5 Nxh5
15. g4 Nf6 16. Qh2 Rxc3 17. bxc3 Qa5 18. Kb2 Rc8 19. Rd3 h5 20. gxh5 Nxh5 21.
Qd2 Qe5 22. Bh6 Bf6 23. Re1 Bb5 24. f4 Qc5 25. Rde3 Bc4 26. e5 dxe5 27. fxe5
Bh8 28. Nb3 Qb5 29. Qd4 Ng7 30. Bxg7 Bxg7 31. Rd1 e6 32. Qd7 Qxd7 33. Rxd7 Bd5
34. Na5 Bh6 35. Re2 Bf4 36. c4 Bf3 37. Re1 g5 38. Rd4 Rc5 39. Rd8+ Kg7 40. Nb3
Rxe5 41. Rxe5 Bxe5+ 42. c3 g4 43. Nd2 Bc6 44. Nf1 g3 45. Rd1 f5 46. Re1 Kf6 0-1

[Event "Ogolnopolski Turniej Niepelnosprawnych"]
[Site "Rowy"]
[Date "2011.??.??"]
[Round "6.9"]
[White "Czymbor, Ryszard"]
[Black "Koper, Ireneusz"]
[Result "0-1"]
[WhiteElo "1836"]
[BlackElo "2030"]
[PlyCount "90"]
[EventDate "2011.??.??"]

1. d4 Nf6 2. e3 g6 3. Nf3 Bg7 4. c4 O-O 5. Be2 d6 6. O-O Bg4 7. Nc3 Nbd7 8. a3
c6 9. h3 Bxf3 10. Bxf3 Qc7 11. b4 e5 12. Bb2 exd4 13. exd4 Nb6 14. c5 Nc4 15.
Qc2 d5 16. Be2 Nxb2 17. Qxb2 Qf4 18. Rad1 Ne4 19. Nxe4 Qxe4 20. Bf3 Qf4 21. Qd2
Qxd2 22. Rxd2 Rfe8 23. a4 Re7 24. b5 Rae8 25. g3 Re1 26. Kg2 Rxf1 27. Kxf1 f5
28. Rd3 Kf7 29. g4 fxg4 30. Bxg4 Re7 31. Bf3 Ke8 32. Bg2 Kd7 33. Bf3 Rf7 34.
Kg2 Rf4 35. Bg4+ Kd8 36. bxc6 bxc6 37. Rb3 Bxd4 38. f3 Kc7 39. Kg3 Rf6 40. f4
Bxc5 41. h4 Bd6 42. Rf3 c5 43. h5 g5 44. Kg2 Bxf4 45. Rd3 d4 0-1

[Event "Ogolnopolski Turniej Niepelnosprawnych"]
[Site "Rowy"]
[Date "2011.??.??"]
[Round "6.10"]
[White "Wojcieszyn, Zdzislaw"]
[Black "Najdzionek, Boleslaw"]
[Result "0-1"]
[WhiteElo "2020"]
[BlackElo "1871"]
[PlyCount "54"]
[EventDate "2011.??.??"]

1. c4 Nf6 2. d4 e6 3. Nf3 d5 4. Nc3 Bb4 5. a3 Bxc3+ 6. bxc3 Nbd7 7. c5 c6 8.
Bf4 Ne4 9. Qc2 Qf6 10. e3 g5 11. Bc7 Qe7 12. Bg3 f5 13. Bd3 Nxg3 14. hxg3 g4
15. Ng1 Qg7 16. Ne2 Nf6 17. f3 h5 18. Rh4 Rb8 19. Qa4 b5 20. Qb3 a5 21. Kf2 Qb7
22. Rah1 Qg7 23. Nf4 Qf7 24. Qb1 gxf3 25. gxf3 b4 26. axb4 axb4 27. cxb4 Qa7
0-1

[Event "Ogolnopolski Turniej Niepelnosprawnych"]
[Site "Rowy"]
[Date "2011.??.??"]
[Round "6.12"]
[White "Zatylny, Jan"]
[Black "Nadolinski, Roman"]
[Result "1/2-1/2"]
[WhiteElo "1696"]
[BlackElo "1992"]
[PlyCount "36"]
[EventDate "2011.??.??"]

1. d4 d5 2. c4 c6 3. e3 Bf5 4. Nc3 e6 5. a3 Bd6 6. Nf3 Nf6 7. Be2 Nbd7 8. O-O
O-O 9. b3 Rc8 10. Bb2 Ne4 11. Bd3 Ndf6 12. Ne5 Nxc3 13. Bxc3 Bxd3 14. Qxd3 dxc4
15. Qxc4 Qc7 16. Bb4 Rfd8 17. Bxd6 Qxd6 18. b4 Nd7 1/2-1/2

[Event "Ogolnopolski Turniej Niepelnosprawnych"]
[Site "Rowy"]
[Date "2011.??.??"]
[Round "6.13"]
[White "Wodas, Pawel"]
[Black "Niecko, Stanislaw"]
[Result "0-1"]
[WhiteElo "1955"]
[BlackElo "1856"]
[PlyCount "102"]
[EventDate "2011.??.??"]

1. c4 c5 2. Nf3 Nc6 3. g3 b6 4. Bg2 Bb7 5. O-O Nf6 6. Nc3 g6 7. b3 Bg7 8. Bb2
O-O 9. d4 Nxd4 10. Nxd4 Bxg2 11. Kxg2 cxd4 12. Qxd4 d6 13. Rad1 Rc8 14. f3 Nd7
15. Qd2 Nc5 16. Nd5 Bxb2 17. Qxb2 f5 18. Qd2 Rf7 19. Nf4 Qd7 20. Nd5 Qe6 21.
Nc3 Rc7 22. Qd5 Qxd5 23. Nxd5 Rc8 24. Rd2 Kf8 25. Rfd1 Ke8 26. Nc3 Rc7 27. Rd5
Ne6 28. Nb5 Rd7 29. e3 Nc7 30. R5d4 Nxb5 31. cxb5 Rc7 32. R1d2 Rf8 33. Kf2 Kd7
34. Ke2 Rfc8 35. e4 fxe4 36. Rxe4 Rc2 37. Rh4 Rxd2+ 38. Kxd2 h5 39. Ra4 Rc7 40.
g4 Ke6 41. h4 d5 42. Ke3 Kd6 43. Rd4 e5 44. Rd2 Rc3+ 45. Ke2 hxg4 46. fxg4 Rh3
47. Rc2 Rh2+ 48. Kd3 e4+ 49. Kc3 d4+ 50. Kb2 Rxc2+ 51. Kxc2 Ke5 0-1

[Event "Ogolnopolski Turniej Niepelnosprawnych"]
[Site "Rowy"]
[Date "2011.??.??"]
[Round "6.14"]
[White "Czech, Jan"]
[Black "Tuszynski, Edmund"]
[Result "1-0"]
[WhiteElo "1851"]
[BlackElo "1947"]
[PlyCount "59"]
[EventDate "2011.??.??"]

1. e4 e5 2. Nf3 d6 3. h3 Nf6 4. Nc3 Be7 5. Bc4 Nc6 6. a3 O-O 7. O-O h6 8. b4 a6
9. d3 Nh7 10. Nd5 Kh8 11. Ba2 f5 12. exf5 Bxf5 13. Be3 Bf6 14. Nxf6 Qxf6 15.
Bd5 Be6 16. Bxe6 Qxe6 17. c4 Rf7 18. Rc1 Ne7 19. d4 e4 20. d5 Qg6 21. Nd4 Nf5
22. Nxf5 Rxf5 23. Kh2 Re8 24. Qd4 b6 25. a4 Nf6 26. a5 b5 27. Qa7 bxc4 28. Qxa6
Nxd5 29. Qxc4 Ref8 30. Qd4 1-0